Indian Cinema (Record no. 987455)

MARC details
000 -LEADER
fixed length control field 00868nam a2200277Ia 4500
003 - CONTROL NUMBER IDENTIFIER
control field OSt
005 - DATE AND TIME OF LATEST TRANSACTION
control field 20221005081251.0
008 - FIXED-LENGTH DATA ELEMENTS--GENERAL INFORMATION
fixed length control field 221004b |||||||| |||| 00| 0 eng d
020 ## - INTERNATIONAL STANDARD BOOK NUMBER
International Standard Book Number 8123006462
037 ## - SOURCE OF ACQUISITION
Terms of availability Textual
040 ## - CATALOGING SOURCE
Original cataloging agency CRL
Transcribing agency CRL
Language of cataloging eng
041 ## - LANGUAGE CODE
Source of code eng
Language code of text/sound track or separate title eng
110 ## - MAIN ENTRY--CORPORATE NAME
Corporate name or jurisdiction name as entry element India, Government of..... Information and Broadcasting (Ministry of....)
9 (RLIN) 3873
245 #0 - TITLE STATEMENT
Title Indian Cinema
Remainder of title A visual voyage
260 ## - PUBLICATION, DISTRIBUTION, ETC.
Place of publication, distribution, etc. New Delhi
Name of publisher, distributor, etc. Publication Division Ministry of information Government of
Date of publication, distribution, etc. 1960
300 ## - PHYSICAL DESCRIPTION
Extent 290p.
Dimensions cm.
650 ## - SUBJECT ADDED ENTRY--TOPICAL TERM
Topical term or geographic name entry element MOTION PICTURES
9 (RLIN) 27571
650 ## - SUBJECT ADDED ENTRY--TOPICAL TERM
Topical term or geographic name entry element ARTS
700 ## - ADDED ENTRY--PERSONAL NAME
Personal name India, Government of..... Information and Broadcasting (Ministry of....)
9 (RLIN) 3874
942 ## - ADDED ENTRY ELEMENTS (KOHA)
Classification part NW44'N9<-N, K0
Koha item type Textual
Source of classification or shelving scheme
Holdings
Withdrawn status Lost status Damaged status Not for loan Home library Current library Date acquired Total Checkouts Full call number Barcode Date last seen Date last checked out Price effective from Koha item type
        Central Library Central Library 2022-10-05 1 NW44'N9<-N K0 CL1047442 2025-04-07 2025-02-10 2022-10-05 Textual
Copyright @ Delhi University Library System